000
00256nam a2200097Ia 4500
005
20251222114407.0
008
251222s1900||||xx |||||||||||||| ||spa||
082
_a
DVD0192/R73/1999
245
0
_a
Objetivos y competencias: una oposición imposible:
942
_c
DVD
999
_c
1865
_d
1865